000 00811cam a2200241 4500
008 090401t1991 xxu||||| |||| 00| 0 eng d
020 _a085236234X
035 _a(Sirsi) u36503
041 _aeng
050 _a631.2
100 _aBarnes, Maurice
245 _aFarm building construction.
250 _a2nd ed.
260 _aIpswich
_bFarming Press Limited
_c1991
300 _a222p. : ill. ; 25cm.
350 _a0
520 _aSecond edition of a practical guide for farmers contemplating building, whether DIY or by employing contractors. Covers all aspects of farm building from planning, levelling and excavating to electrical installations, water supply and roads.
650 _aFARM BUILDINGS
690 _aRURAL PRACTICE
700 _aMander, Clive
942 _n0
948 _c04/03/1997
999 _c90305
_d90305